| 000 | 01126nam a2200337 c 4500 | ||
|---|---|---|---|
| 003 | BLK | ||
| 005 | 20240311132700.0 | ||
| 008 | 180408b bul|||||r ||||||| ||bul|| | ||
| 010 | _aKNG00088032000 | ||
| 020 |
_a978-954-491-417-2 _bиздат.: Жанет 45 |
||
| 040 | _aBLK | ||
| 041 |
_aBUL _cBUL |
||
| 080 |
_aБългарска литература _b821.163.2 _x-94 _z821.163.2-94 |
||
| 100 |
_aПенчева, Станка Михайлова _9364065 |
||
| 139 |
_aПенчева, Станка Михайлова _bП 36 |
||
| 245 | 1 | 0 |
_aДървото на живота _cСтанка Михайлова Пенчева. |
| 250 | _a2. прераб. изд. | ||
| 257 | _aBGR | ||
| 260 |
_аПловдив _bЖанет 45 _c2008 |
||
| 300 |
_a264 с. _bс ил. _c21 см |
||
| 380 | _aX | ||
| 500 | _a1. изд. 1999 на изд. Тилиа. | ||
| 653 | _aспомени | ||
| 653 | _aмемоари | ||
| 852 | _aЦб 243013 | ||
| 856 | 4 |
_qpdf _u |
|
| 856 | 4 |
_qpdf _u |
|
| 942 |
_cKNG _n0 _05 |
||
| 944 |
_aCR _c25.02.2009 _lМинев Младен _k30530 |
||
| 944 |
_aED _c27.03.2009 _lф / _k |
||
| 999 |
_c83484 _d83484 |
||